Caricamento...
Ninth five year plan (1997-2002)Report of the steering committe on education
| Natura: | Printed Book |
|---|---|
| Pubblicazione: |
Thiruvananthapuram :
State Planning Board,Govt.Of Kerala,
1993.
|
| Soggetti: |
| LEADER | 00479nam a22001217a 4500 | ||
|---|---|---|---|
| 082 | |a 370 |b NIN | ||
| 245 | |a Ninth five year plan (1997-2002)Report of the steering committe on education | ||
| 260 | |a Thiruvananthapuram : |b State Planning Board,Govt.Of Kerala, |c 1993. | ||
| 300 | |a 81p.; | ||
| 650 | |a Education |v Planning |z Kerala | ||
| 942 | |c BK | ||
| 999 | |c 101620 |d 101620 | ||
| 952 | |0 0 |1 0 |4 0 |6 370_000000000000000_NIN |7 0 |9 95219 |a SSS |b SSS |c CAS |d 2012-09-10 |l 0 |o 370 NIN |p SSSMK1283 |r 2012-09-10 |w 2012-09-10 |y BK | ||